Alphabet Game: R Quiz Stats

 Plays Quiz not verified by Sporcle

Also try: Alphabet Game: S
Challenge
Share
Tweet
Embed
Score 0/98 Timer 15:00
0 Plays Today
Hint Answer % Correct
US StatesRhode Island
92.1%
Greek LettersRho
92.1%
CountriesRussia
88.2%
AGS BirthstonesRuby
88.2%
Chinese ZodiacRat
88.2%
Monarchs of England (1066-Present)/France (751-Present)Rudolph
86.8%
Santa's ReindeerRudolph
86.8%
Olympic Host CitiesRome
81.6%
US PresidentsRonald Reagan
80.3%
CountriesRomania
78.9%
CountriesRwanda
78.9%
US PresidentsFranklin D. Roosevelt
77.6%
US PresidentsTheodore Roosevelt
77.6%
Monarchs of England (1066-Present)/France (751-Present)Richard I-III
76.3%
Shakespeare PlaysRomeo and Juliet
72.4%
Best Actress Oscar WinnersJulia Roberts
72.4%
US State CapitalsRaleigh
71.1%
Monarchs of England (1066-Present)/France (751-Present)Robert I-II
71.1%
Chinese ZodiacRabbit
69.7%
Big 4 Sports Team NicknamesReds
69.7%
US State CapitalsRichmond
67.1%
Books of the BibleRuth
67.1%
Fruits/VegetablesRadish
67.1%
Big 4 Sports Team NicknamesRams
65.8%
ElementsRadium
64.5%
ElementsRadon
64.5%
Olympic Host CitiesRio de Janeiro
64.5%
Big 4 Sports Team NicknamesRaiders
63.2%
Big 4 Sports Team NicknamesRed Sox
61.8%
Big 4 Sports Team NicknamesRangers
60.5%
Big 4 Sports Team NicknamesRavens
60.5%
Chinese ZodiacRooster
55.3%
Big 4 Sports Team NicknamesRedskins
53.9%
Hint Answer % Correct
Components of ClueRope
51.3%
Rock and Roll HOF PerformersThe Rolling Stones
50%
Disney Animated Films/Pixar FilmsRatatouille
50%
Best Actor Oscar WinnersEddie Redmayne
48.7%
Human BonesRadius
47.4%
Shakespeare PlaysRichard II
47.4%
Shakespeare PlaysRichard III
47.4%
CountriesRepublic of the Congo
46.1%
Oscar Best Picture WinnersRain Man
46.1%
Oscar Best Picture WinnersRocky
46.1%
Big 4 Sports Team NicknamesRockets
46.1%
Big 4 Sports Team NicknamesRed Wings
44.7%
Big 4 Sports Team NicknamesRockies
44.7%
Rock and Roll HOF PerformersRush
43.4%
Best Actor Oscar WinnersGeoffrey Rush
43.4%
Premier League Clubs (Ever)Reading
43.4%
Big 4 Sports Team NicknamesRoyals
42.1%
Fruits/VegetablesRaspberry
42.1%
Big 4 Sports Team NicknamesRays
40.8%
Human BonesRibs
39.5%
Best Actress Oscar WinnersGinger Rogers
39.5%
Olympic SportsRowing
39.5%
Big 4 Sports Team NicknamesRaptors
38.2%
Books of the BibleRomans
36.8%
Components of ClueRevolver
36.8%
Fruits/VegetablesRhubarb
36.8%
Books of the BibleRevelations
34.2%
Major Automobile BrandsRolls-Royce
34.2%
Disney Animated Films/Pixar FilmsThe Rescuers
32.9%
Monopoly PropertiesReading Railroad
32.9%
Rock and Roll HOF PerformersR.E.M.
31.6%
Oscar Best Picture WinnersRebecca
31.6%
Best Actor Oscar WinnersCliff Robertson
31.6%
Hint Answer % Correct
Disney Animated Films/Pixar FilmsRobin Hood
31.6%
ElementsRutherfordium
30.3%
Fruits/VegetablesRutabaga
28.9%
Disney Animated Films/Pixar FilmsThe Rescuers Down Under
27.6%
Rock and Roll HOF PerformersThe Ramones
26.3%
ElementsRhodium
23.7%
Emmy Best Drama WinnersThe Rockford Files
22.4%
Best Actress Oscar WinnersLuise Rainer
19.7%
ElementsRubidium
18.4%
Olympic SportsRugby
18.4%
Rock and Roll HOF PerformersRed Hot Chili Peppers
18.4%
UK Prime MinistersFrederick Robinson, Viscount Goderich
17.1%
Rock and Roll HOF PerformersOtis Redding
17.1%
Rock and Roll HOF PerformersSmokey Robinson
17.1%
ElementsRhenium
15.8%
ElementsRoentgenium
15.8%
ElementsRuthenium
15.8%
Rock and Roll HOF PerformersThe Ronettes
13.2%
UK Prime MinistersEarl John Russell
11.8%
UK Prime MinistersLord John Russell
11.8%
Rock and Roll HOF PerformersJimmy Reed
11.8%
Rock and Roll HOF PerformersLou Reed
11.8%
Rock and Roll HOF PerformersRun-D.M.C.
11.8%
Roman/Greek GodsRhea
10.5%
ConstellationsReticulum
9.2%
Rock and Roll HOF PerformersBonnie Raitt
9.2%
Rock and Roll HOF PerformersLinda Ronstadt
9.2%
Rock and Roll HOF PerformersThe Rascals/The Young Rascals
6.6%
Rock and Roll HOF PerformersThe Righteous Brothers
6.6%
Emmy Best Comedy WinnersThe Red Skelton Hour
6.6%
Pope NamesRomanus
2.6%
Emmy Best Drama WinnersRobert Montgomery Presents
1.3%

You're not logged in!

Compare scores with friends on all Sporcle quizzes.
OR
Log In

You Might Also Like...

Show Comments

Extras

Created Jun 3, 2016ReportNominate
Tags:Alphabet Quiz, start

Top Quizzes Today


Score Distribution

Your Account Isn't Verified!

In order to create a playlist on Sporcle, you need to verify the email address you used during registration. Go to your Sporcle Settings to finish the process.

Report this User

Report this user for behavior that violates our Community Guidelines.

Details: